| 000 | 00653nam a2200229Ia 4500 | ||
|---|---|---|---|
| 003 | OSt | ||
| 005 | 20221007064228.0 | ||
| 006 | a|||||r|||| 00| 0 | ||
| 007 | ta | ||
| 008 | 221006b |||||||| |||| 00| 0 eng d | ||
| 024 | _a28,318 | ||
| 037 | _cTextual | ||
| 040 |
_aFLL _cFLL _beng |
||
| 041 |
_2eng _aeng |
||
| 082 | _aZ73,8z7, M0 | ||
| 100 |
_aGoldmann Robert B. _9685510 |
||
| 245 | 0 |
_aRoundtable justice _b case studies in conflict resolution |
|
| 260 |
_aColorado _bWestview Press, Inc. Colorado _c1980 |
||
| 300 |
_axii,201p _ccm. |
||
| 942 |
_hZ73,8z7, M0 _cTEXL _2CC |
||
| 999 |
_c1133326 _d1133326 |
||